000 00684nam a22002177a 4500
999 _c1137
_d1137
005 20211129085513.0
008 211129b ||||| |||| 00| 0 eng d
020 _a9781382005944
040 _cKH8
082 _a530 POP
100 _aPople, Stephen
_eauthor
245 _aCambridge IGCSE & O level complete physics. Student book /
_cStephen Pople; Anna Harris
260 _aOxford :
_bOxford University Press,
_c2020.
300 _a1 volume :
_billustrations.
_c27 cm.
500 _aIncludes index.
650 _aPhysics
_vExaminations
_xStudy guides.
650 _aPhysics
_vExaminations.
700 _aHarris, Anna
710 _aOxford University Press
942 _2ddc
_cNFIC